<The> Penguin Dictionary of Politics

Enregistré dans:
Détails bibliographiques
Auteur principal: Robertson, David
Format: Livre
Langue:anglais
Publié: London Penguin Books 1985
Édition:1. ed.
Tags: Ajouter un tag
Pas de tags, Soyez le premier à ajouter un tag!

MARC

LEADER 00000nam a2200000 4500
001 c024368
005 20221220082109.5
041 0 |a eng 
044 |a GB 
245 1 0 |a <The> Penguin Dictionary of Politics  |c David Robertson 
250 |a 1. ed. 
264 1 |a London  |b Penguin Books  |c 1985 
300 |a 341 s. 
100 1 |a Robertson, David